| 000 | 01081cam a2200277 a 4500 | ||
|---|---|---|---|
| 001 | 2452775 | ||
| 005 | 20040519130649.0 | ||
| 008 | 890615s1990 nyua b 001 0 eng | ||
| 010 | _a 89016461 | ||
| 020 | _a0471822930 | ||
| 040 |
_aDLC _cDLC _dDLC |
||
| 050 | 0 | 0 |
_aQC757.9 _b.P37 1990 |
| 082 | 0 | 0 |
_a621.34 _222 _bPAR |
| 100 | 1 |
_aParker, Rollin J. _96527 |
|
| 245 | 1 | 0 |
_aAdvances in permanent magnetism / _cRollin J. Parker. |
| 260 |
_aNew York : _bWiley, _cc1990. |
||
| 300 |
_axi, 337 p. : _bill. ; _c24 cm. |
||
| 500 | _a"A Wiley-Interscience publication." | ||
| 504 | _aIncludes bibliographical references and index. | ||
| 650 | 0 |
_aPermanent magnets. _96528 |
|
| 856 | 4 | 2 |
_3Publisher description _uhttp://www.loc.gov/catdir/description/wiley031/89016461.html |
| 856 | 4 |
_3Table of Contents _uhttp://www.loc.gov/catdir/toc/onix01/89016461.html |
|
| 942 |
_2ddc _cBB |
||
| 999 |
_c11918 _d11918 |
||